000 00659nam a2200289Ia 4500
005 20260324150746.0
008 008 260324s9999 xx 000 0 eng d
020 _a9781003135340
037 _aEBOOK
040 _aCRL
040 _beng
040 _cCRL
041 _2eng
041 _aeng
084 _qCRL
100 _aW. H. Beckett
_91227509
245 0 _aAkokoaso
245 2 _bA Survey of a Gold Coast Village
260 _bTaylor and Francis
260 _c1944
365 _a
365 _b180
856 _uhttp://www.taylorfrancis.com/books/9781003135340
942 _cEBOOK
999 _c1837549
_d1837549